| 000 | 01544nam a2200373 a 4500 | ||
|---|---|---|---|
| 001 | ebr10671167 | ||
| 003 | CaPaEBR | ||
| 006 | m u | ||
| 007 | cr cn||||||||| | ||
| 008 | 090915s2010 nyua sb 001 0 eng d | ||
| 010 | _z 2009036060 | ||
| 020 | _z9781608764280 (hbk.) | ||
| 020 | _z1608764281 (hbk.) | ||
| 020 | _z9781613245552 (e-book) | ||
| 040 |
_aCaPaEBR _cCaPaEBR |
||
| 035 | _a(OCoLC)744634253 | ||
| 050 | 1 | 4 |
_aTP155.2.E58 _bE68 2010eb |
| 082 | 0 | 4 |
_a660.028/6 _222 |
| 245 | 0 | 0 |
_aEnvironmentally harmonious chemistry for the 21st century _h[electronic resource] / _cMasakazu Anpo and K. Mizuno, editors. |
| 246 | 3 | _aEnvironmentally harmonious chemistry for the twenty-first century | |
| 260 |
_aNew York : _bNova Science Publishers, _cc2010. |
||
| 300 |
_aviii, 220 p. : _bill. |
||
| 490 | 1 | _aChemical engineering methods and technology series | |
| 504 | _aIncludes bibliographical references and index. | ||
| 533 |
_aElectronic reproduction. _bPalo Alto, Calif. : _cebrary, _d2013. _nAvailable via World Wide Web. _nAccess may be limited to ebrary affiliated libraries. |
||
| 650 | 0 | _aEnvironmental chemistry. | |
| 650 | 0 |
_aEnvironmental chemistry _xIndustrial applications. |
|
| 655 | 7 |
_aElectronic books. _2local |
|
| 700 | 1 | _aAnpo, Masakazu. | |
| 700 | 1 |
_aMizuno, K. _q(Kazuhiko) |
|
| 710 | 2 | _aebrary, Inc. | |
| 830 | 0 | _aChemical engineering methods and technology. | |
| 856 | 4 | 0 |
_uhttp://site.ebrary.com/lib/rucke/Doc?id=10671167 _zAn electronic book accessible through the World Wide Web; click to view |
| 999 |
_c62330 _d62330 |
||